Padmanath Gohain Barua/ (Record no. 6689)

MARC details
000 -LEADER
fixed length control field 00595cam a2200217ua 4500
005 - DATE AND TIME OF LATEST TRANSACTION
control field 20260429075532.0
008 - FIXED-LENGTH DATA ELEMENTS--GENERAL INFORMATION
fixed length control field 141217n ii |||gr||||Z||||||asm
020 ## - INTERNATIONAL STANDARD BOOK NUMBER
International Standard Book Number 8126002166
040 ## - CATALOGING SOURCE
Transcribing agency MAIN
041 ## - LANGUAGE CODE
Language code of sung or spoken text Assamese
082 ## - DEWEY DECIMAL CLASSIFICATION NUMBER
Classification number 920
Item number BOR
100 ## - MAIN ENTRY--PERSONAL NAME
Personal name Bora, Prafulla Chandra.,
Relator term Author
245 1# - TITLE STATEMENT
Title Padmanath Gohain Barua/
Statement of responsibility, etc. By Prafulla Chandra Bora
250 ## - EDITION STATEMENT
Edition statement 2nd ed.
260 ## - PUBLICATION, DISTRIBUTION, ETC.
Place of publication, distribution, etc. New Delhi:
Name of publisher, distributor, etc. Sahity akademi,
Date of publication, distribution, etc. 2011.
300 ## - PHYSICAL DESCRIPTION
Extent 65p.
650 ## - SUBJECT ADDED ENTRY--TOPICAL TERM
Topical term or geographic name entry element A monograph on the Assamese writer
942 ## - ADDED ENTRY ELEMENTS (KOHA)
Koha item type Books
Source of classification or shelving scheme Dewey Decimal Classification
653 ## - INDEX TERM--UNCONTROLLED
Uncontrolled term Biography, genealogy & insignia
653 ## - INDEX TERM--UNCONTROLLED
Uncontrolled term Assamese biography
Holdings
Withdrawn status Lost status Damaged status Not for loan Home library Current library Shelving location Date acquired Total Checkouts Full call number Barcode Date last seen Copy number Price effective from Koha item type
        Central Library, Naharkatiya College Central Library, Naharkatiya College General Stacks 19/09/2020   920 | BOR 22579 19/09/2020 1 19/09/2020 Books

Naharkatiya College © 2020. All rights reserved.

Powered By